000 00565nam a2200181Ia 4500
001 16267
005 20260306170257.0
008 260306t2006||||xx |||||||||||||| ||und||
041 _aESP
082 _a347.51
_bR23
100 _aRamírez Otero, Lorena [coord.]
_eAUT
245 0 _aTemas actuales de derecho de la empresa:
_bIX jornadas de derecho de la empresa Facultad de Derecho de la Universidad de Piura, 11 y 12 de noviembre de 2005
260 _c2006
300 _a178 páginas :
_c24 cm.
650 _aGEN
654 _aCAN
942 _cLIB
_dJUS
_fJUS
_2ddc
_n
999 _c16267
_d16267